| 000 | 00393 a2200157 4500 | ||
|---|---|---|---|
| 001 | 151276 | ||
| 040 | _cEscola São Tomás de Aquino | ||
| 100 | _aSTRAUSZ, Rosa Amanda | ||
| 240 | 1 | 0 |
_aPara que serve uma barriga tão grande ? _lpor |
| 245 | 1 | 0 | _aPara que serve uma barriga tão grande ? |
| 300 | _a31 | ||
| 362 | 0 | _a2003 | |
| 440 | 1 | _aFTD | |
| 697 | _a*LITERATURA INFANTO | ||
| 942 | _cBK | ||
| 999 |
_c151276 _d151276 |
||